| 000 -CABECERA |
| Longitud fija campo de control |
01070nam a22002657a 4500 |
| 003 - IDENTIFICADOR DEL NÚMERO DE CONTROL |
| Identificador del número de control |
OSt |
| 005 - FECHA Y HORA DE LA ÚLTIMA TRANSACCIÓN |
| Fecha y hora de la última transacción |
20151016132401.0 |
| 008 - CÓDIGOS DE INFORMACIÓN DE LONGITUD FIJA |
| Códigos de información de longitud fija |
130604s2008 sp ||||| |||| 00| 0 spa d |
| 020 ## - NÚMERO INTERNACIONAL NORMALIZADO PARA LIBROS |
| Número Internacional Normalizado para Libros (ISBN) |
9788498501155 |
| 040 ## - FUENTE DE LA CATALOGACIÓN |
| Centro transcriptor |
CDMR |
| 100 1# - PUNTO DE ACCESO PRINCIPAL-NOMBRE DE PERSONA |
| 9 (RLIN) |
3644 |
| Nombre de persona |
Martí Centellas, Joan |
| Fechas asociadas al nombre |
1832-1902 |
| 245 ## - MENCIÓN DE TÍTULO |
| Título |
Joan Martí, fotògraf |
| Resto del título |
: belleses del XIX |
| Mención de responsabilidad, etc. |
[textos, Rafel Torrella, David Iglesias] |
| 260 ## - PUBLICACIÓN, DISTRIBUCIÓN, ETC. (PIE DE IMPRENTA) |
| Lugar de publicación, distribución, etc. |
Barcelona |
| Nombre del editor, distribuidor, etc. |
Arxiu fotogràfic de l'Arxiu Històric de Barcelona |
| 260 ## - PUBLICACIÓN, DISTRIBUCIÓN, ETC. (PIE DE IMPRENTA) |
| Nombre del editor, distribuidor, etc. |
Institut de Cultura de Barcelona |
| 260 ## - PUBLICACIÓN, DISTRIBUCIÓN, ETC. (PIE DE IMPRENTA) |
| Nombre del editor, distribuidor, etc. |
Imatge i Prodicció |
| Fecha de publicación, distribución, etc. |
2008 |
| 300 ## - DESCRIPCIÓN FÍSICA |
| Extensión |
254 p. |
| Otras características físicas |
il. fot. |
| 500 ## - NOTA GENERAL |
| Nota general |
Catàleg de l'exposició "Joan Martí, fotògraf. Belleses del XIX", celebrada del 23 d'octubre de 2008 al 31 de gener de 2008 |
| 600 1# - PUNTO DE ACCESO ADICIONAL DE MATERIA - NOMBRE DE PERSONA |
| 9 (RLIN) |
3644 |
| Nombre de persona |
Martí Centellas, Joan |
| Fechas asociadas al nombre |
1832-1902 |
| 650 04 - PUNTO DE ACCESO ADICIONAL DE MATERIA - TÉRMINO DE MATERIA |
| 9 (RLIN) |
3145 |
| Término de materia o nombre geográfico como elemento inicial |
Fotografia |
| Subdivisión de materia general |
Exposicions |
| 700 1# - PUNTO DE ACCESO ADICIONAL - NOMBRE DE PERSONA |
| 9 (RLIN) |
3645 |
| Nombre de persona |
Torrella, Rafel |
| 700 1# - PUNTO DE ACCESO ADICIONAL - NOMBRE DE PERSONA |
| 9 (RLIN) |
3646 |
| Nombre de persona |
Iglesias, David |
| 710 2# - PUNTO DE ACCESO ADICIONAL - NOMBRE DE ENTIDAD |
| 9 (RLIN) |
3217 |
| Nombre de entidad o nombre de jurisdicción como elemento inicial |
Arxiu Històric de la Ciutat (Barcelona, Catalunya) |
| Unidad subordinada |
-- Arxiu Fotogràfic |
| 710 2# - PUNTO DE ACCESO ADICIONAL - NOMBRE DE ENTIDAD |
| 9 (RLIN) |
3218 |
| Nombre de entidad o nombre de jurisdicción como elemento inicial |
Institut de Cultura (Barcelona, Catalunya) |
| 942 ## - ENTRADA DE ELEMENTOS AGREGADOS (KOHA) |
| Fuente de clasificaión o esquema |
|
| Koha [por defecto] tipo de item |
Monografies |